Загрузка...

Nalappattinte padhyakrithikal

Библиографические подробности
Главный автор: Narayana Menon,Nalappattu
Формат: Printed Book
Язык:Malayalam
Опубликовано: Kozhikode: Mathrubhumi Books, 1979.
Kottayam. Kottayam N.B.S. 1979
LEADER 00862nam a22001577a 4500
008 111204s9999 xx 000 0 mal d
100 |a Narayana Menon,Nalappattu 
245 |a Nalappattinte padhyakrithikal  |c /Nalappattu Narayana Menon 
260 |a Kozhikode:  |b Mathrubhumi Books,  |c 1979. 
260 |b N.B.S.  |a Kottayam. Kottayam  |c 1979 
300 |a 363p. 
942 |c BK 
999 |c 229793  |d 229793 
952 |0 0  |1 0  |2 ddc  |4 0  |6 851_000000000000000_83N_NAL  |7 0  |9 235907  |a MAL  |b MAL  |c ST1  |d 1997-01-14  |g 24.00  |l 5  |o 851.83N NAL  |p MAL18003  |r 2018-09-04  |s 2018-09-03  |v 24.00  |w 2011-12-05  |y BK 
952 |0 0  |1 0  |2 ddc  |4 0  |6 SHELF_R4  |7 0  |9 236371  |a MAL  |b MAL  |c REF  |d 1997-01-14  |g 24.00  |l 0  |o Shelf R4  |p MAL23786  |r 2011-12-05  |v 24.00  |w 2011-12-05  |y REF 
952 |0 0  |1 0  |2 ddc  |4 0  |6 851_000000000000000_83N08_NAL  |7 0  |9 254056  |a MAL  |b MAL  |c ST1  |d 2012-03-20  |g 24.00  |l 5  |o 851.83N08 NAL  |p MAL32979  |r 2018-08-08  |s 2018-08-08  |w 2012-03-20  |y BK